| 000 | 00865nam a2200289 a 4500 | ||
|---|---|---|---|
| 999 |
_c4738 _d4738 |
||
| 003 | ALUPE UNIVERSITY COLLEGE | ||
| 005 | 20220328093621.0 | ||
| 008 | 010529s2001 enka b 001 0 eng | ||
| 020 | _a0727912216 | ||
| 040 | _cALUPE UNIVERSITY COLLEGE | ||
| 042 | _anlmcopyc | ||
| 049 | _aOS2H | ||
| 050 |
_aRC86.7 _b.P43 |
||
| 090 | _aRC86.7 .P43 2001 | ||
| 245 | 0 | 0 |
_aPharmacology of the critically ill / _cedited by Gilbert Park, Maire Shelly. |
| 260 |
_aLondon : _bBMJ Books, _cc2001. |
||
| 300 |
_ax, 189 p. : _bill. ; _c24 cm. |
||
| 504 | _aIncludes bibliographical references and index. | ||
| 650 | 0 | _aCritical care medicine. | |
| 650 | 0 |
_aCatastrophic illness _xChemotherapy. |
|
| 650 | 0 | _aChemotherapy. | |
| 700 | 1 |
_aPark, G. R. _q(Gilbert R.) |
|
| 700 | 1 | _aShelly, Maire P. | |
| 907 | _a.b23183883 | ||
| 942 |
_2lcc _cBK _nPW |
||